Bumi kita

Bibliographic Details
Main Author: Suraya Hussin
Format: Book
Published: Johor : City Megazone , 2006
Series:Siri Jeni dan Tomi Menti
Subjects:

MARC

LEADER 00000cam a2200000 7i4500
001 0000005662
005 20151222.0
008 070808
020 |a 9832562333(set) 
020 |a 983256235X 
090 0 0 |a JF   |b SC MAL (7073) 
100 0 |a Suraya Hussin 
245 1 0 |a Bumi kita   |c Suraya Hussin 
260 |a Johor :   |b City Megazone ,   |c 2006 
440 |a Siri Jeni dan Tomi Menti 
500 |a Children ages 7-9 years old (orange) 
650 0 |a Judul 
650 0 |a Science fiction, Malay 
650 0 |a Siri 
999 |a 0000103599   |b Book   |c Children Collection   |e Cawangan Muar 
999 |a 0000981169   |b Book   |c Children Collection   |e Perbadanan Perpustakaan Awam Johor 
999 |a 0000981170   |b Book   |c Children Collection   |e Perbadanan Perpustakaan Awam Johor 
999 |a 0000981171   |b Book   |c Children Collection   |e Perbadanan Perpustakaan Awam Johor 
999 |a 0000981172   |b Book   |c Children Collection   |e Perbadanan Perpustakaan Awam Johor 
999 |a 0000981173   |b Book   |c Children Collection   |e Perbadanan Perpustakaan Awam Johor 
999 |a 0001050288   |b Book   |c Children Collection   |e Cawangan Tmn. Ungku Tun Aminah 
999 |a 0001050291   |b Book   |c Children Collection   |e Cawangan Bandar Penawar 
999 |a 0001050292   |b Book   |c Children Collection   |e Cawangan Taman Universiti 
999 |a 0001050293   |b Book   |c Children Collection   |e Cawangan Taman Sri Lambak 
999 |a 0001052363   |b Book   |c Children Collection   |e Cawangan Kota Tinggi 
999 |a 0001052364   |b Book   |c Children Collection   |e Cawangan Pontian 
999 |a 0001052365   |b Book   |c Children Collection   |e Cawangan Tmn. Ungku Tun Aminah 
999 |a 0001052366   |b Book   |c Children Collection   |e Cawangan Pontian 
999 |a 0001052369   |b Book   |c Children Collection   |e Cawangan Mersing 
999 |a 0001052370   |b Book   |c Children Collection   |e Cawangan Taman Universiti 
999 |a 0001052371   |b Book   |c Children Collection   |e Cawangan Mersing 
999 |a 0001052372   |b Book   |c Children Collection   |e Cawangan Mersing 
999 |a 0001052373   |b Book   |c Children Collection   |e Cawangan Taman Sri Lambak 
999 |a 0001052374   |b Book   |c Children Collection   |e Cawangan Taman Sri Lambak 
999 |a 0001052375   |b Book   |c Children Collection   |e Cawangan Kota Tinggi 
999 |a 0001052376   |b Book   |c Children Collection   |e Cawangan Kota Tinggi 
999 |a 0001052377   |b Book   |c Children Collection   |e Cawangan Mersing 
999 |a 0001052378   |b Book   |c Children Collection   |e Cawangan Tmn. Ungku Tun Aminah 
999 |a 0001052380   |b Book   |c Children Collection   |e Cawangan Pontian 
999 |a 0001085978   |b Book   |c Children Collection   |e Cawangan Bandar Penawar 
999 |a 0001085979   |b Book   |c Children Collection   |e Cawangan Bandar Penawar 
999 |a 0001085983   |b Book   |c Children Collection   |e Cawangan Mersing 
999 |a 0001085988   |b Book   |c Children Collection   |e Cawangan Bandar Tenggara 
999 |a 0001085991   |b Book   |c Children Collection   |e Cawangan Taman Universiti 
999 |a 0001085994   |b Book   |c Children Collection   |e Cawangan Bukit Gambir 
999 |a 0001086654   |b Book   |c Children Collection   |e Cawangan Tangkak 
999 |a 0001086656   |b Book   |c Children Collection   |e Cawangan Taman Universiti 
999 |a 0001086660   |b Book   |c Children Collection   |e Cawangan Mersing 
999 |a 0001086661   |b Book   |c Children Collection   |e Cawangan Pontian 
999 |a 0001086663   |b Book   |c Children Collection   |e Cawangan Bandar Penawar 
999 |a 0001086664   |b Book   |c Children Collection   |e Cawangan Bandar Penawar 
999 |a 0001086665   |b Book   |c Children Collection   |e Cawangan Kota Tinggi 
999 |a 0001086666   |b Book   |c Children Collection   |e Cawangan Pontian 
999 |a 0001086671   |b Book   |c Children Collection   |e Cawangan Taman Universiti 
999 |a 0001086673   |b Book   |c Children Collection   |e Cawangan Tangkak 
999 |a 0001086687   |b Book   |c Children Collection   |e Cawangan Mersing 
999 |a 0004085981   |b Book   |c Children Collection   |e Cawangan Pontian